000 00598nam a22001937a 4500
005 20251108165819.0
008 250721s9999 xx 000 0 ara d
082 1 4 _aط/923.1/كما
100 1 _aكمال، محمد
245 1 0 _aالمعتصم /
264 1 _aحلب :
_bدار ربيع للنشر،
_c[19-].
300 _a16ص
490 0 _aشمس الهدى و الإيمان : أعلام الخلفاء ؛ 15
650 1 7 _aالتراجم
653 _aاطفال مرحلة متسطة (6-9)سنوات
700 1 _aحاضري، بدر الدين
942 _2ddc
_cBK
999 _c31963
_d31963